000 00603nam a22001817a 4500
003 UA-OsUOA
001 19504
007 ta
008 20040829b un ||||| |||| 00| 0 ukr d
100 _aСобкович О.
942 _cSA
040 _aUA-OsUOA
_cUA-OsUOA
_dUA-OsUOA
245 _aУ Зорю, "до кооператорів"...
_b[Про Зорянське спожив. т-во Рівнен. р-ну]
300 _aС.3
955 _a0
773 0 _w0
_tРівненський кооператор
_dРівне
_d2004
_g№34/20 серп./
650 7 _aКраєзнавча робота
_2UDC
999 _c305675
_d305675